000 01107nam a22002177a 4500
005 20100731151346.0
010 _aHIN-89910
020 _c150.00
_a8188266825
035 _aHN-62256
037 _bDBAD/PUB
082 _a230.65
100 _aशुक्ल, सच्चिदानंद
_93533
245 _aहिंदू धर्म के सोलह संस्कार /
_cसच्चिदानंद शुक्ल
246 _aHindu Dharma Ke Solah Sanskar
_bby Sachchidanand Shukla
260 _aनई दिल्ली
_bप्रतिभा प्रतिष्ठान
_c2010
270 _a1661, दखनीराय स्ट्रीट, नेताजी सुभाष मार्ग
_bनई दिल्ली
_e110002
300 _a127पृ.
_c22सेमी (सजिल्द)
_bसचित्र
700 _91054
942 _2ddc
_cHN
_h230.65
_mशुक्लस
999 _c38451
_d38451